000 00489nam a2200181 a 4500
001 35364
005 20180714003702.0
008 140415s1972 000 0 spa d
041 _aspa
082 _a624.177
_bWIN
100 1 _aWINTER, GEORGE
245 1 0 _aDESIGN OF CONCRETE STRUCTURES
250 _a8a ed.
260 _a[s.l.] :
_bMCGRAW-HILL KOGAKUSHA,
_c1972
300 _a615
650 1 4 _aESTRUCTURAS
_xINGENIERIA CIVIL
700 1 _aNilson, Arthur H.,
_ecoaut.
999 _c35364
_d35364